[Event "20th EUR-ch"]
[Site "Skopje MKD"]
[Date "2019.03.22"]
[Round "5"]
[White "Gavrilescu, David"]
[Black "Gordievsky, Dmitry"]
[Result "1-0"]
[WhiteElo "2467"]
[BlackElo "2603"]
[EventDate "2019.03.18"]
[Board "56"]
[PlyCount "97"]

1.e4 c5 2.Nf3 Nc6 3.Bb5 g6 4.O-O Bg7 5.Nc3 e5 6.a3 Nge7 7.b4 d6 8.bxc5 
dxc5 9.d3 O-O 10.Bc4 h6 11.a4 b6 12.Nd5 Rb8 13.Rb1 Kh7 14.Re1 Qd6 15.Nxe7 
Qxe7 16.Bd2 Bd7 17.h3 Qd6 18.Bd5 Ne7 19.c4 Nxd5 20.exd5 g5 21.Bc3 Rfe8 22.
Qc2 Bf5 23.Re3 f6 24.Nd2 Qd7 25.a5 Bg6 26.axb6 axb6 27.Rb5 Qc7 28.Re1 Ra8 
29.Ne4 Ra6 30.Reb1 Rea8 31.Qe2 Qd8 32.g4 f5 33.Ng3 Ra2 34.R5b2 Rxb2 35.
Rxb2 fxg4 36.hxg4 Ra3 37.Ne4 Kg8 38.Bd2 Be8 39.Qf3 Bd7 40.Kg2 Ra6 41.Bc3 
Ra3 42.Qg3 h5 43.gxh5 Bf5 44.h6 Bf6 45.Qf3 Bxe4 46.Qxe4 Rxc3 47.Qg6+ Kf8 
48.h7 Ra3 49.Rxb6 1-0

[Event "20th EUR-ch"]
[Site "Skopje MKD"]
[Date "2019.03.22"]
[Round "5"]
[White "Moussard, Jules"]
[Black "Kevlishvili, Robby"]
[Result "1/2-1/2"]
[WhiteElo "2601"]
[BlackElo "2461"]
[EventDate "2019.03.18"]
[Board "57"]
[PlyCount "75"]

1.e4 c5 2.Nf3 d6 3.d4 cxd4 4.Qxd4 Nc6 5.Bb5 Bd7 6.Bxc6 Bxc6 7.Nc3 Nf6 8.
Bg5 e6 9.O-O-O Be7 10.Qd3 Qa5 11.h4 h6 12.Bd2 Qc7 13.Nd4 a6 14.f3 Nd7 15.
g4 Ne5 16.Qe2 Bd7 17.f4 Nc4 18.g5 Nxd2 19.Qxd2 Qc5 20.Nb3 Qb6 21.Kb1 O-O-O
22.f5 hxg5 23.hxg5 Rxh1 24.Rxh1 Rf8 25.Qf4 Qd8 26.Rg1 Rh8 27.a3 Rh5 28.g6 
fxg6 29.Rxg6 exf5 30.Nd5 fxe4 31.Qxe4 Bf8 32.Nf4 Re5 33.Qc4+ Kb8 34.Nd4 
Re4 35.Nfe6 Bxe6 36.Nxe6 Rxc4 37.Nxd8 Rf4 38.Ne6 1/2-1/2

[Event "20th EUR-ch"]
[Site "Skopje MKD"]
[Date "2019.03.22"]
[Round "5"]
[White "Petrov, Nikita"]
[Black "Janik, Igor"]
[Result "1/2-1/2"]
[WhiteElo "2591"]
[BlackElo "2454"]
[EventDate "2019.03.18"]
[Board "59"]
[PlyCount "50"]

1.d4 Nf6 2.c4 e6 3.Nf3 d5 4.Nc3 Bb4 5.Bg5 dxc4 6.e4 c5 7.Bxc4 cxd4 8.Nxd4 
Bxc3+ 9.bxc3 Qa5 10.Nb5 a6 11.Nd6+ Ke7 12.Qd2 h6 13.Bf4 Nc6 14.O-O Rd8 15.
Qe2 Ne5 16.Nf5+ Kf8 17.Ng3 Bd7 18.Bb3 Bc6 19.c4 Ng6 20.Bc1 h5 21.f3 h4 22.
Nh1 Rd7 23.Nf2 Rad8 24.Be3 Nh5 25.Qe1 Qe5 1/2-1/2

[Event "20th EUR-ch"]
[Site "Skopje MKD"]
[Date "2019.03.22"]
[Round "5"]
[White "Wagner, Dennis"]
[Black "Todorovic, Goran M"]
[Result "1-0"]
[WhiteElo "2580"]
[BlackElo "2429"]
[EventDate "2019.03.18"]
[Board "60"]
[PlyCount "45"]

1.d4 d5 2.c4 e6 3.Nc3 c6 4.e4 Bb4 5.cxd5 exd5 6.e5 Ne7 7.a3 Bxc3+ 8.bxc3 
c5 9.Bd3 Nbc6 10.Ne2 Bf5 11.O-O Qd7 12.Rb1 O-O 13.Ng3 Bxd3 14.Qxd3 c4 15.
Qe2 b5 16.Nh5 Kh8 17.f4 a5 18.f5 f6 19.e6 Qb7 20.Qg4 Rg8 21.Rf3 Qb6 22.Rh3
Ne5 23.Nxf6 1-0

[Event "20th EUR-ch"]
[Site "Skopje MKD"]
[Date "2019.03.22"]
[Round "5"]
[White "Djukic, Nikola"]
[Black "Muradli, Mahammad"]
[Result "1-0"]
[WhiteElo "2572"]
[BlackElo "2444"]
[EventDate "2019.03.18"]
[Board "61"]
[PlyCount "57"]

1.e4 c5 2.Nf3 d6 3.d4 Nf6 4.Nc3 cxd4 5.Nxd4 a6 6.g3 e5 7.Nde2 b5 8.Nd5 
Nbd7 9.Nec3 Bb7 10.Bg5 Rc8 11.Bh3 Rc4 12.Bxd7+ Qxd7 13.Bxf6 Rd4 14.Qf3 b4 
15.Ne2 Rxd5 16.exd5 gxf6 17.O-O f5 18.a3 bxa3 19.Rxa3 Bg7 20.c4 O-O 21.Qh5
Rb8 22.f4 e4 23.g4 Qc7 24.gxf5 Qc5+ 25.Rf2 e3 26.Rg2 Qb4 27.h3 Qxb2 28.
Rxe3 Kh8 29.Qxf7 1-0

[Event "20th EUR-ch"]
[Site "Skopje MKD"]
[Date "2019.03.22"]
[Round "5"]
[White "Meskovs, Nikita"]
[Black "Garayev, Kanan"]
[Result "1-0"]
[WhiteElo "2568"]
[BlackElo "2368"]
[EventDate "2019.03.18"]
[Board "62"]
[PlyCount "67"]

1.g3 g6 2.d4 d5 3.Bg2 Bg7 4.Nf3 Nf6 5.O-O O-O 6.c4 dxc4 7.Na3 c5 8.Nxc4 
Be6 9.Nfe5 Bd5 10.dxc5 Bxg2 11.Qxd8 Rxd8 12.Kxg2 Ne4 13.b4 b5 14.cxb6 axb6
15.Bb2 b5 16.Rad1 Rxd1 17.Rxd1 Bxe5 18.Rd8+ Kg7 19.Nxe5 f6 20.Nd3 Nd6 21.
a3 Nb7 22.Rd5 Nd6 23.e4 Nd7 24.e5 fxe5 25.Nxe5 Nf6 26.Ng4 Nc4 27.Bxf6+ 
exf6 28.Rxb5 Ra7 29.Rc5 Nd2 30.b5 Rb7 31.a4 Nb3 32.Rc6 Nd4 33.Rd6 Nf5 34.
Ra6 1-0

[Event "20th EUR-ch"]
[Site "Skopje MKD"]
[Date "2019.03.22"]
[Round "5"]
[White "Arnaudov, Petar Georgiev"]
[Black "Alonso Rosell, Alvar"]
[Result "1-0"]
[WhiteElo "2462"]
[BlackElo "2559"]
[EventDate "2019.03.18"]
[Board "63"]
[PlyCount "65"]

1.c4 e6 2.Nf3 d5 3.g3 Nf6 4.Bg2 d4 5.O-O c5 6.b4 cxb4 7.a3 Nc6 8.d3 bxa3 
9.Qa4 Bd7 10.Bxa3 Nb4 11.Qb3 Qb6 12.Nbd2 a5 13.Qb2 Bc6 14.Nxd4 Bxg2 15.
Kxg2 Be7 16.N2f3 Nd7 17.Nc2 Nxc2 18.Qxc2 Bxa3 19.Rxa3 O-O 20.Rb1 Qc7 21.
Rb5 b6 22.Qb2 Rab8 23.Ra1 f6 24.Nd4 e5 25.Nf5 Rfe8 26.f3 Qc6 27.Ne3 Qd6 
28.Rb1 a4 29.Qa2 Qe6 30.Nd5 Rec8 31.Qxa4 f5 32.Qb4 Rc5 33.Rxb6 1-0

[Event "20th EUR-ch"]
[Site "Skopje MKD"]
[Date "2019.03.22"]
[Round "5"]
[White "Gaehwiler, Gabriel"]
[Black "Halkias, Stelios"]
[Result "1-0"]
[WhiteElo "2414"]
[BlackElo "2552"]
[EventDate "2019.03.18"]
[Board "64"]
[PlyCount "145"]

1.d4 Nf6 2.c4 e6 3.Nf3 Bb4+ 4.Bd2 a5 5.g3 O-O 6.Bg2 d5 7.Qc2 Be7 8.O-O c6 
9.Bf4 Nbd7 10.Rd1 h6 11.Nc3 dxc4 12.Nd2 Nb6 13.Nce4 Nfd5 14.Nxc4 Nb4 15.
Qc1 Nxc4 16.Qxc4 b6 17.Qc1 Ba6 18.Nc3 Rc8 19.a3 Nd5 20.e4 Nxf4 21.Qxf4 Bc4
22.d5 Bg5 23.Qg4 cxd5 24.exd5 e5 25.d6 Bb3 26.h4 Rc4 27.Qe2 Bf6 28.Bd5 
Bxd1 29.Qxc4 Bh5 30.Ne4 Qd7 31.Qc7 Qf5 32.Nxf6+ Qxf6 33.Qxb6 Rd8 34.Qxa5 
Rxd6 35.Re1 Bg6 36.Bg2 e4 37.Bxe4 Bxe4 38.Rxe4 Rd1+ 39.Re1 Rxe1+ 40.Qxe1 
Qxb2 41.a4 Qa2 42.Qe8+ Kh7 43.Qb5 Qe6 44.a5 Qe1+ 45.Kg2 Qe4+ 46.Kh2 f5 47.
a6 f4 48.a7 fxg3+ 49.Kxg3 Qg6+ 50.Kf4 Qd6+ 51.Qe5 g5+ 52.hxg5 hxg5+ 53.Ke4
Qb4+ 54.Qd4 Qb7+ 55.Ke3 Qb3+ 56.Ke2 Qc2+ 57.Kf1 Qc6 58.Ke2 Qc2+ 59.Kf1 
Qc1+ 60.Kg2 Qc6+ 61.f3 Qc2+ 62.Kg3 Qc7+ 63.Kg2 Qc2+ 64.Kg3 Qc7+ 65.Kg2 
Qc2+ 66.Qf2 Qc6 67.Qa2 Qa8 68.Qb1+ Kh6 69.Qb6+ Kg7 70.Qb8 Qd5 71.a8=Q Qd2+
72.Kh3 Qd7+ 73.Kg3 1-0

[Event "20th EUR-ch"]
[Site "Skopje MKD"]
[Date "2019.03.22"]
[Round "5"]
[White "Kulaots, Kaido"]
[Black "Manea, Alexandru"]
[Result "1-0"]
[WhiteElo "2544"]
[BlackElo "2357"]
[EventDate "2019.03.18"]
[Board "65"]
[PlyCount "37"]

1.e4 c5 2.Nf3 e6 3.d4 cxd4 4.Nxd4 Nc6 5.Nc3 Qc7 6.Be3 a6 7.Be2 Nf6 8.O-O 
d6 9.f4 Be7 10.Kh1 O-O 11.a4 Bd7 12.Nb3 Na5 13.e5 dxe5 14.fxe5 Nd5 15.Nxd5
exd5 16.Nxa5 Qxa5 17.Bd3 f5 18.exf6 Bxf6 19.Qh5 1-0

[Event "20th EUR-ch"]
[Site "Skopje MKD"]
[Date "2019.03.22"]
[Round "5"]
[White "Zarubitski, Viachaslau"]
[Black "Zhigalko, Andrei"]
[Result "1/2-1/2"]
[WhiteElo "2404"]
[BlackElo "2541"]
[EventDate "2019.03.18"]
[Board "66"]
[PlyCount "74"]

1.e4 e5 2.Nf3 Nc6 3.Nc3 Nf6 4.Bb5 Bc5 5.Nxe5 Nxe5 6.d4 a6 7.dxe5 axb5 8.
exf6 Qxf6 9.O-O c6 10.Be3 Bxe3 11.fxe3 Qe7 12.Qd4 O-O 13.e5 Re8 14.Qf4 d6 
15.exd6 Qxe3+ 16.Rf2 Qxf4 17.Rxf4 Re5 18.Rd1 Be6 19.a4 bxa4 20.Rxa4 Rd8 
21.Ra7 b5 22.b4 Re3 23.Ra3 c5 24.d7 Kf8 25.bxc5 Rxd7 26.Rxd7 Bxd7 27.Nxb5 
Re5 28.Nd4 Rxc5 29.Kf2 Ke7 30.Ke3 g5 31.Ra6 h5 32.Kd3 h4 33.c4 h3 34.gxh3 
Bxh3 35.Ra5 Rxa5 36.Nc6+ Ke6 37.Nxa5 f5 1/2-1/2

[Event "20th EUR-ch"]
[Site "Skopje MKD"]
[Date "2019.03.22"]
[Round "5"]
[White "Stupak, Kirill"]
[Black "Iliaguev, Nisim"]
[Result "1-0"]
[WhiteElo "2537"]
[BlackElo "2366"]
[EventDate "2019.03.18"]
[Board "67"]
[PlyCount "89"]

1.d4 Nf6 2.Nf3 e6 3.g3 d5 4.Bg2 b5 5.O-O Be7 6.b3 O-O 7.c4 b4 8.a3 bxa3 9.
Bxa3 Bb7 10.Nc3 a6 11.Ne5 Bxa3 12.Rxa3 Qd6 13.Ra5 Nc6 14.Nxc6 Bxc6 15.cxd5
Nxd5 16.Nxd5 exd5 17.Rc5 Rad8 18.Qc2 Bb5 19.Rxd5 Qb4 20.Rd1 Rxd5 21.Bxd5 
Rd8 22.Bc4 c6 23.e3 g6 24.Rc1 a5 25.h4 Kg7 26.Qc3 Qxc3 27.Rxc3 Ra8 28.Bf1 
Kf6 29.Bg2 Ke7 30.g4 Kd6 31.g5 Rd8 32.Bh3 Kc7 33.Rc5 Kb6 34.f4 Rb8 35.Kf2 
Rb7 36.Bg4 Rc7 37.Re5 Ra7 38.Bd1 a4 39.bxa4 Bxa4 40.Bf3 Bb5 41.h5 Rc7 42.
f5 Ra7 43.f6 Rc7 44.Re7 Bc4 45.e4 1-0

[Event "20th EUR-ch"]
[Site "Skopje MKD"]
[Date "2019.03.22"]
[Round "5"]
[White "Shevchenko, Kirill"]
[Black "Borsuk, Konstantin"]
[Result "1-0"]
[WhiteElo "2535"]
[BlackElo "2346"]
[EventDate "2019.03.18"]
[Board "68"]
[PlyCount "93"]

1.d4 Nf6 2.c4 e6 3.Nc3 Bb4 4.Nf3 b6 5.Qb3 a5 6.g3 Bb7 7.Bg2 d6 8.O-O Bxc3 
9.Qxc3 Nbd7 10.b3 O-O 11.Bb2 Be4 12.Bh3 Bb7 13.Rad1 d5 14.Bg2 c5 15.Ne5 
Nxe5 16.dxe5 Ne8 17.cxd5 exd5 18.Bxd5 Bxd5 19.e4 Bxe4 20.Rxd8 Rxd8 21.Qe3 
Bd5 22.f4 f5 23.e6 Rd6 24.Be5 Rxe6 25.Qd3 Bc6 26.Qc4 Kf7 27.Rd1 b5 28.Qxc5
Nf6 29.Bxf6 Rxf6 30.Rd6 Rxd6 31.Qxd6 Rc8 32.Qc5 Bd7 33.Qa7 Ke6 34.Qxa5 
Rc1+ 35.Kf2 Rc2+ 36.Ke3 Rxh2 37.Qb6+ Ke7 38.Qc5+ Kf7 39.Qc7 Ke7 40.Qc5+ 
Kf7 41.Qc7 Ke8 42.a4 bxa4 43.bxa4 Rh6 44.a5 Ra6 45.Kd4 h6 46.Kc5 g5 47.Qb7
1-0

[Event "20th EUR-ch"]
[Site "Skopje MKD"]
[Date "2019.03.22"]
[Round "5"]
[White "Martic, Zlatko"]
[Black "Dimitrov, Radoslav"]
[Result "1/2-1/2"]
[WhiteElo "2261"]
[BlackElo "2533"]
[EventDate "2019.03.18"]
[Board "69"]
[PlyCount "80"]

1.e4 c6 2.d4 d5 3.Nc3 a6 4.Nf3 Bg4 5.Be2 e6 6.O-O Nf6 7.h3 Bh5 8.exd5 cxd5
9.Ne5 Bg6 10.Bd3 Nc6 11.Bf4 Nxe5 12.Bxe5 Be7 13.Ne2 O-O 14.Nf4 Bxd3 15.
Nxd3 Nd7 16.Bg3 b5 17.c3 a5 18.a3 Qb6 19.b4 Qc6 20.Nc5 Nb6 21.Qb3 Nc4 22.
Rfb1 Rfc8 23.a4 axb4 24.cxb4 Qe8 25.a5 Bxc5 26.bxc5 Ra7 27.Qc3 Rca8 28.Qb4
Rxa5 29.Rxa5 Rxa5 30.Bc7 Ra2 31.Qxb5 Qxb5 32.Rxb5 Rb2 33.Rxb2 Nxb2 34.Kf1 
Kf8 35.Ke2 Ke7 36.f3 Nc4 37.g4 Kd7 38.Bg3 f6 39.f4 Na5 40.h4 Nc6 1/2-1/2

[Event "20th EUR-ch"]
[Site "Skopje MKD"]
[Date "2019.03.22"]
[Round "5"]
[White "Lobanov, Sergei"]
[Black "Murzin, Volodar"]
[Result "1/2-1/2"]
[WhiteElo "2526"]
[BlackElo "2337"]
[EventDate "2019.03.18"]
[Board "70"]
[PlyCount "62"]

1.e4 c6 2.d4 d5 3.e5 Bf5 4.h4 h5 5.c4 e6 6.Nc3 Ne7 7.Nge2 Nd7 8.Ng3 Bg6 9.
cxd5 cxd5 10.Bg5 Qb6 11.Qd2 Nc6 12.Rd1 Nb4 13.Rc1 Nc6 14.Nge2 Be7 15.Bxe7 
Kxe7 16.g3 Ndxe5 17.dxe5 Nxe5 18.Ng1 Rac8 19.Rd1 Rhd8 20.Qd4 Qxd4 21.Rxd4 
Nc6 22.Ra4 d4 23.Nd1 Ne5 24.Bg2 Nd3+ 25.Kd2 Nxb2 26.Nxb2 Rc2+ 27.Kd1 Rxb2 
28.Ne2 Rb1+ 29.Kd2 Rb2+ 30.Kd1 Rb1+ 31.Kd2 Rb2+ 1/2-1/2

[Event "20th EUR-ch"]
[Site "Skopje MKD"]
[Date "2019.03.22"]
[Round "5"]
[White "Eljanov, Pavel"]
[Black "Csiki, Endre"]
[Result "1-0"]
[WhiteElo "2682"]
[BlackElo "2251"]
[EventDate "2019.03.18"]
[Board "71"]
[PlyCount "30"]

1.c4 e5 2.d3 Nf6 3.Nf3 Bb4+ 4.Nbd2 Qe7 5.g3 O-O 6.Bg2 c6 7.a3 Bd6 8.O-O 
Bc7 9.e4 d5 10.exd5 cxd5 11.Ne1 dxc4 12.Nxc4 Nc6 13.b4 Bg4 14.Qc2 Rad8 15.
Bb2 Rfe8 1-0

[Event "20th EUR-ch"]
[Site "Skopje MKD"]
[Date "2019.03.22"]
[Round "5"]
[White "Lagarde, Maxime"]
[Black "Perunovic, Miodrag"]
[Result "1/2-1/2"]
[WhiteElo "2631"]
[BlackElo "2436"]
[EventDate "2019.03.18"]
[Board "73"]
[PlyCount "108"]

1.c4 e5 2.Nc3 Nf6 3.Nf3 Nc6 4.g3 d5 5.cxd5 Nxd5 6.Bg2 Nb6 7.O-O Be7 8.d3 
O-O 9.Be3 Re8 10.a3 Bf8 11.Rc1 Nd4 12.Ne4 c6 13.Nc5 a5 14.Bxd4 exd4 15.Nb3
g5 16.Qd2 g4 17.Nfxd4 a4 18.Nxc6 bxc6 19.Nc5 Re5 20.Ne4 Rb8 21.Qf4 Bg7 22.
d4 Nd5 23.Qd2 Re6 24.Nc5 Rd6 25.e3 Rh6 26.Rfd1 Qg5 27.e4 Qxd2 28.Rxd2 Nb6 
29.e5 Rg6 30.Rdc2 Bh6 31.Re1 Bf8 32.Be4 Rh6 33.Rec1 Be7 34.Nd3 Bg5 35.Nf4 
Bd7 36.Bxc6 Bxc6 37.Rxc6 Rxc6 38.Rxc6 Bxf4 39.gxf4 Nd5 40.f5 Rxb2 41.f6 h5
42.h3 gxh3 43.Rd6 Nf4 44.d5 Rxf2 45.Kxf2 h2 46.e6 h1=Q 47.e7 Qg2+ 48.Ke3 
Nxd5+ 49.Rxd5 Qxd5 50.e8=Q+ Kh7 51.Qxa4 Kg6 52.Qe4+ Qxe4+ 53.Kxe4 h4 54.
Kf4 Kxf6 1/2-1/2

[Event "20th EUR-ch"]
[Site "Skopje MKD"]
[Date "2019.03.22"]
[Round "5"]
[White "Ioannidis, Evgenios"]
[Black "Salgado Lopez, Ivan"]
[Result "0-1"]
[WhiteElo "2412"]
[BlackElo "2622"]
[EventDate "2019.03.18"]
[Board "74"]
[PlyCount "36"]

1.Nf3 d6 2.d4 Nf6 3.c4 Bf5 4.Nc3 h6 5.g3 Nbd7 6.Bg2 c6 7.d5 c5 8.Nh4 Bh7 
9.f4 a6 10.a4 Qc7 11.O-O Rg8 12.e4 g5 13.Nf3 gxf4 14.Bxf4 Ng4 15.Bh3 h5 
16.Qe2 O-O-O 17.Nd1 Nb8 18.Bxg4+ hxg4 0-1

[Event "20th EUR-ch"]
[Site "Skopje MKD"]
[Date "2019.03.22"]
[Round "5"]
[White "Martirosian, Haik"]
[Black "Parvanian, Ashot"]
[Result "1/2-1/2"]
[WhiteElo "2616"]
[BlackElo "2426"]
[EventDate "2019.03.18"]
[Board "75"]
[PlyCount "56"]

1.d4 Nf6 2.Nf3 g6 3.g3 Bg7 4.Bg2 O-O 5.O-O d6 6.c4 c5 7.Nc3 Nc6 8.d5 Na5 
9.Nd2 a6 10.Rb1 Rb8 11.b3 b5 12.Qc2 h5 13.Bb2 h4 14.e4 e5 15.Nd1 Bh6 16.
Bc3 hxg3 17.hxg3 Ng4 18.Qd3 b4 19.Bb2 Qg5 20.Nf3 Qh5 21.Nh4 g5 22.f3 gxh4 
23.fxg4 Bxg4 24.gxh4 f5 25.Nf2 Be2 26.Qh3 Bg4 27.Qd3 Be2 28.Qh3 Bg4 
1/2-1/2

[Event "20th EUR-ch"]
[Site "Skopje MKD"]
[Date "2019.03.22"]
[Round "5"]
[White "Hnydiuk, Aleksander"]
[Black "Pashikian, Arman"]
[Result "1/2-1/2"]
[WhiteElo "2417"]
[BlackElo "2616"]
[EventDate "2019.03.18"]
[Board "76"]
[PlyCount "41"]

1.Nf3 d5 2.d4 Nf6 3.c4 e6 4.g3 Bb4+ 5.Bd2 Be7 6.Bg2 O-O 7.O-O Nbd7 8.Qc2 
c6 9.Bf4 b6 10.Rd1 Ba6 11.Ne5 Rc8 12.cxd5 Nxd5 13.Nc3 Nxe5 14.Bxe5 f6 15.
Bf4 Nxf4 16.gxf4 f5 17.Qa4 Bb7 18.Qxa7 Qc7 19.Nb5 Qd7 20.Nc3 Qc7 21.Nb5 
1/2-1/2

[Event "20th EUR-ch"]
[Site "Skopje MKD"]
[Date "2019.03.22"]
[Round "5"]
[White "Goganov, Aleksey"]
[Black "Kacharava, Nikolozi"]
[Result "1/2-1/2"]
[WhiteElo "2610"]
[BlackElo "2424"]
[EventDate "2019.03.18"]
[Board "77"]
[PlyCount "88"]

1.d4 d5 2.c4 dxc4 3.Nf3 Nf6 4.e3 e6 5.Bxc4 c5 6.O-O a6 7.b3 Nc6 8.dxc5 
Qxd1 9.Rxd1 Bxc5 10.Bb2 b5 11.Be2 Bb7 12.a4 bxa4 13.Rxa4 O-O 14.Rc1 Nd7 
15.Rac4 Na5 16.Rg4 f6 17.b4 h5 18.Rh4 g5 19.Rxh5 Bxb4 20.Nxg5 fxg5 21.Rc7 
Bc6 22.Rxg5+ Kf7 23.Bh5+ Ke7 24.Rxa5 Bxa5 25.Rxc6 Rfc8 26.Ba3+ Kf6 27.Bf3 
Ne5 28.Bb2 Rxc6 29.Bxc6 Rb8 30.Bxe5+ Kxe5 31.Na3 Kd6 32.Be4 Kc5 33.g4 Bb4 
34.Nc2 a5 35.g5 a4 36.Kg2 a3 37.h4 a2 38.h5 Ba3 39.h6 Rb2 40.g6 Rxc2 41.g7
a1=Q 42.g8=Q Rd2 43.h7 Qa2 44.Qc8+ Kb4 1/2-1/2

[Event "20th EUR-ch"]
[Site "Skopje MKD"]
[Date "2019.03.22"]
[Round "5"]
[White "Drnovsek, Gal"]
[Black "Stocek, Jiri"]
[Result "1/2-1/2"]
[WhiteElo "2402"]
[BlackElo "2592"]
[EventDate "2019.03.18"]
[Board "78"]
[PlyCount "89"]

1.d4 e6 2.c4 Bb4+ 3.Bd2 a5 4.Nc3 Nf6 5.Qc2 d5 6.e3 O-O 7.Nf3 b6 8.Bd3 Ba6 
9.Ne5 c5 10.cxd5 cxd4 11.exd4 Bxd3 12.Qxd3 Nxd5 13.O-O f6 14.Nf3 Nc6 15.
Rfe1 Re8 16.Rac1 Qd7 17.Qb5 Nc7 18.Qc4 Rac8 19.a3 Bxc3 20.bxc3 b5 21.Qd3 
a4 22.c4 Ne7 23.Bb4 bxc4 24.Rxc4 Ned5 25.Bc5 Rb8 26.Qc2 Ra8 27.Rb1 Reb8 
28.Rxb8+ Rxb8 29.Nd2 Ra8 30.g3 Ne8 31.Ne4 f5 32.Nc3 Nxc3 33.Qxc3 Nf6 34.
Qb2 Nd5 35.Rc1 f4 36.f3 fxg3 37.hxg3 Qc7 38.Qf2 Rb8 39.Re1 Kf7 40.Kg2 Rb3 
41.Re2 Qd8 42.Re5 Qf6 43.Qe2 g5 44.Bd6 h6 45.Bc5 1/2-1/2

[Event "20th EUR-ch"]
[Site "Skopje MKD"]
[Date "2019.03.22"]
[Round "5"]
[White "Nikolov, Momchil"]
[Black "Piesik, Piotr"]
[Result "1/2-1/2"]
[WhiteElo "2584"]
[BlackElo "2420"]
[EventDate "2019.03.18"]
[Board "79"]
[PlyCount "65"]

1.d4 Nf6 2.c4 c5 3.Nf3 cxd4 4.Nxd4 Nc6 5.Nc3 e6 6.a3 Be7 7.e4 O-O 8.Nf3 b6
9.Be2 Bb7 10.O-O d6 11.Bf4 Ne5 12.Nxe5 dxe5 13.Bxe5 Nxe4 14.Qc2 Qd2 15.
Qxd2 Nxd2 16.Rfd1 Rfd8 17.Nd5 exd5 18.Rxd2 dxc4 19.Rad1 Rxd2 20.Rxd2 Rd8 
21.Rxd8+ Bxd8 22.Bxc4 Kf8 23.f3 f6 24.Bb8 a5 25.Kf2 Be7 26.Ke2 Bc5 27.Bd3 
h6 28.Bc7 Bc6 29.h4 Ke7 30.h5 a4 31.Kd2 Bd4 32.Kc2 Bd5 33.Bf4 1/2-1/2

[Event "20th EUR-ch"]
[Site "Skopje MKD"]
[Date "2019.03.22"]
[Round "5"]
[White "Petrosian, Manuel"]
[Black "Fernandes, Antonio"]
[Result "1-0"]
[WhiteElo "2564"]
[BlackElo "2405"]
[EventDate "2019.03.18"]
[Board "80"]
[PlyCount "91"]

1.Nf3 d5 2.d4 Nf6 3.Bf4 c6 4.e3 Bg4 5.c4 Nbd7 6.Nc3 e6 7.Qb3 Qb6 8.Nd2 
Qxb3 9.axb3 Be7 10.h3 Bh5 11.c5 O-O 12.b4 a6 13.Nb3 Rfc8 14.Kd2 Ne8 15.Na5
b6 16.Nxc6 Rxc6 17.Bb5 axb5 18.Rxa8 f6 19.Nxb5 bxc5 20.bxc5 e5 21.b4 exf4 
22.Ra7 Nxc5 23.dxc5 fxe3+ 24.fxe3 Bxc5 25.bxc5 Rxc5 26.Rb7 Rc8 27.Rc1 Ra8 
28.Rd7 Bg6 29.Nc3 Be4 30.Nxe4 dxe4 31.g4 h5 32.gxh5 Kh7 33.Rc4 f5 34.Rc6 
Kg8 35.h6 gxh6 36.Rg6+ Kf8 37.Rxh6 Kg8 38.Ke2 Ra2+ 39.Kf1 Ra3 40.Re6 Ra8 
41.Kf2 Rc8 42.Kg3 Kf8 43.Rh6 Kg8 44.Kf4 Nc7 45.Kxf5 Rf8+ 46.Rf6 1-0

[Event "20th EUR-ch"]
[Site "Skopje MKD"]
[Date "2019.03.22"]
[Round "5"]
[White "Osmak, Iulija"]
[Black "Santos Ruiz, Miguel"]
[Result "0-1"]
[WhiteElo "2399"]
[BlackElo "2560"]
[EventDate "2019.03.18"]
[Board "81"]
[PlyCount "98"]

1.d4 Nf6 2.c4 e6 3.Nc3 Bb4 4.f3 Nc6 5.e4 e5 6.a3 Bxc3+ 7.bxc3 d6 8.Be3 b6 
9.Bd3 Na5 10.c5 dxc5 11.dxe5 Nd7 12.f4 Qh4+ 13.g3 Qe7 14.Nf3 Bb7 15.O-O 
O-O-O 16.Qe2 f6 17.exf6 gxf6 18.Nh4 Rhe8 19.Nf5 Qf8 20.Bf2 c4 21.Bc2 Nc5 
22.Bxc5 Qxc5+ 23.Rf2 Rd3 24.Qg4 Kb8 25.Bxd3 cxd3 26.Ng7 Rxe4 27.Qd7 Qxc3 
28.Qd8+ Bc8 29.Rd1 Re1+ 30.Rxe1 Qxe1+ 31.Kg2 Nc4 32.Ne8 Ne3+ 33.Kf3 Nd5 
34.Nxc7 Qd1+ 35.Ke4 Nxc7 36.Ke3 Qe1+ 37.Kf3 f5 38.Kg2 Qe4+ 39.Kh3 Qd5 40.
Qxd5 Nxd5 41.Rd2 Ba6 42.Kg2 Nf6 43.Kf3 Ng4 44.Kg2 Bb7+ 45.Kg1 Be4 46.h3 
Ne3 47.g4 Nc4 48.Rd1 d2 49.gxf5 Bxf5 0-1

[Event "20th EUR-ch"]
[Site "Skopje MKD"]
[Date "2019.03.22"]
[Round "5"]
[White "Basso, Pier Luigi"]
[Black "Soysal, Serkan"]
[Result "1-0"]
[WhiteElo "2521"]
[BlackElo "2405"]
[EventDate "2019.03.18"]
[Board "83"]
[PlyCount "115"]

1.d4 Nf6 2.c4 Nc6 3.Nf3 e6 4.g3 Bb4+ 5.Bd2 Qe7 6.e3 d5 7.Bg2 dxc4 8.O-O 
O-O 9.Qc2 Bxd2 10.Nbxd2 e5 11.dxe5 Nxe5 12.Nxe5 Qxe5 13.Nxc4 Qh5 14.Rfd1 
Bg4 15.Rd4 c5 16.Rf4 Rab8 17.Na5 b5 18.Nc6 Rb6 19.h3 Bd7 20.Rh4 Qg5 21.
Ne7+ Kh8 22.Nd5 Bf5 23.Qxc5 Rc8 24.Qe7 Re6 25.Qxf7 Nxd5 26.Rh5 Re7 27.Rxg5
Rxf7 28.Bxd5 Rff8 29.Rxf5 Rxf5 30.Be6 Rfc5 31.Bxc8 Rxc8 32.Rd1 h6 33.Rd7 
Rc2 34.Rxa7 Rxb2 35.a4 Ra2 36.a5 Kh7 37.a6 b4 38.Rb7 Rxa6 39.Rxb4 Ra2 40.
Rb7 h5 41.Kg2 Rc2 42.Rb5 Kg6 43.g4 hxg4 44.hxg4 Ra2 45.Rb6+ Kf7 46.Kg3 g5 
47.Rb7+ Kf6 48.Rb6+ Kf7 49.f4 Ra3 50.Kf2 Ra4 51.Kf3 gxf4 52.exf4 Ra3+ 53.
Kf2 Rc3 54.Rb5 Kg6 55.Re5 Ra3 56.Re3 Ra6 57.Rb3 Kf6 58.Kg3 1-0

[Event "20th EUR-ch"]
[Site "Skopje MKD"]
[Date "2019.03.22"]
[Round "5"]
[White "Demidov, Mikhail"]
[Black "Nikolovski, Nikola"]
[Result "1-0"]
[WhiteElo "2520"]
[BlackElo "2404"]
[EventDate "2019.03.18"]
[Board "84"]
[PlyCount "101"]

1.d4 e6 2.e4 d5 3.Nd2 Nf6 4.e5 Nfd7 5.Bd3 c5 6.c3 Nc6 7.Ndf3 cxd4 8.cxd4 
f6 9.exf6 Nxf6 10.Nh3 Bd6 11.O-O Qc7 12.Re1 O-O 13.Nhg5 h6 14.Nxe6 Bxe6 
15.Rxe6 Ng4 16.Rg6 Nxh2 17.Nh4 Ne7 18.Qh5 Bf4 19.Re6 Bxc1 20.Rxe7 Qxe7 21.
Rxc1 Qg5 22.Qxg5 hxg5 23.Ng6 Ng4 24.f3 Nf6 25.Nxf8 Rxf8 26.g4 Rd8 27.Bf5 
Ne8 28.Bg6 Kf8 29.Kf2 Rd6 30.Bd3 Rb6 31.b3 Rb4 32.Ke3 Ke7 33.Re1 Rb6 34.
Bf5 Nc7 35.Kd2+ Kd6 36.Rh1 Ra6 37.a4 Ne6 38.Bxe6 Kxe6 39.Re1+ Kf6 40.Re5 
Rd6 41.a5 b6 42.a6 b5 43.Kc3 Rxa6 44.Kb4 Rc6 45.Rxd5 a6 46.Rf5+ Ke7 47.
Rxg5 g6 48.f4 Kf6 49.Rc5 Re6 50.g5+ Ke7 51.Re5 1-0

[Event "20th EUR-ch"]
[Site "Skopje MKD"]
[Date "2019.03.22"]
[Round "5"]
[White "Potapov, Pavel"]
[Black "Atakisi, Umut"]
[Result "1/2-1/2"]
[WhiteElo "2517"]
[BlackElo "2403"]
[EventDate "2019.03.18"]
[Board "85"]
[PlyCount "135"]

1.e4 c5 2.Nf3 g6 3.c3 d5 4.exd5 Qxd5 5.d4 Bg7 6.Na3 cxd4 7.Bc4 Qe4+ 8.Be3 
Nh6 9.cxd4 O-O 10.O-O Bg4 11.Bxh6 Bxh6 12.Re1 Bxf3 13.Rxe4 Bxd1 14.Rxd1 
Bg5 15.Re5 Bf6 16.Rb5 Nc6 17.d5 Nd8 18.Rb3 Rc8 19.g3 a6 20.Rb6 Be5 21.Bf1 
Bc7 22.Rb3 Bd6 23.Nc4 Bc5 24.a4 Rc7 25.a5 f6 26.d6 exd6 27.Nxd6 Bxd6 28.
Rxd6 Kg7 29.Rbb6 f5 30.b4 Nf7 31.Rd1 Ng5 32.Bg2 Rff7 33.Re1 Rfd7 34.h4 Nf7
35.Rb1 Nd8 36.b5 axb5 37.R6xb5 Kh6 38.Bf3 Kg7 39.Kg2 Kh6 40.h5 Kg7 41.R1b2
Kh6 42.Rb6 Kg7 43.hxg6 hxg6 44.g4 Rc5 45.R2b5 Rxb5 46.Rxb5 fxg4 47.Bxg4 
Rd4 48.Bf3 Ra4 49.Bxb7 Nxb7 50.Rxb7+ Kh6 51.Rb5 Ra3 52.Rc5 Kg7 53.f3 Kf6 
54.Kg3 Ra4 55.Rc6+ Kf5 56.Rc5+ Kf6 57.f4 Ra1 58.Kg4 Rg1+ 59.Kf3 Ra1 60.Rb5
Ra2 61.Ke4 Ra4+ 62.Kd5 Kf5 63.Kc5 Kg4 64.Kb6 Kxf4 65.a6 Rxa6+ 66.Kxa6 g5 
67.Rb1 g4 68.Rb4+ 1/2-1/2

[Event "20th EUR-ch"]
[Site "Skopje MKD"]
[Date "2019.03.22"]
[Round "5"]
[White "Valsecchi, Alessio"]
[Black "Semjonovs, Ilja"]
[Result "1-0"]
[WhiteElo "2515"]
[BlackElo "2401"]
[EventDate "2019.03.18"]
[Board "86"]
[PlyCount "55"]

1.e4 c5 2.Nf3 d6 3.d4 cxd4 4.Nxd4 Nf6 5.Nc3 a6 6.Nb3 e6 7.g4 Be7 8.Bg2 O-O
9.Be3 Nc6 10.f4 Nd7 11.Qe2 b5 12.e5 Qc7 13.exd6 Bxd6 14.O-O Bb7 15.Rad1 
Rfd8 16.Ne4 Be7 17.c3 Na5 18.Nxa5 Qxa5 19.g5 Qc7 20.Qf2 g6 21.Bd4 Bxe4 22.
Bxe4 Rab8 23.b4 Nb6 24.Be5 Bd6 25.Rxd6 Rxd6 26.Qc5 Qa7 27.Bxd6 Rc8 28.Qe3 
1-0

[Event "20th EUR-ch"]
[Site "Skopje MKD"]
[Date "2019.03.22"]
[Round "5"]
[White "Zanan, Evgeny"]
[Black "Ozen, Deniz"]
[Result "1/2-1/2"]
[WhiteElo "2514"]
[BlackElo "2393"]
[EventDate "2019.03.18"]
[Board "87"]
[PlyCount "109"]

1.d4 d5 2.c4 c6 3.Nf3 Nf6 4.Nc3 dxc4 5.a4 Bf5 6.e3 e6 7.Bxc4 Bb4 8.O-O O-O
9.Qe2 Nbd7 10.e4 Bg6 11.Bd3 Bh5 12.e5 Nd5 13.Nxd5 cxd5 14.Qe3 Re8 15.Bd2 
Bxd2 16.Nxd2 Bg6 17.f4 Bxd3 18.Qxd3 f5 19.Qb5 Re7 20.Nb3 Nb8 21.a5 Na6 22.
Rfc1 h6 23.Nc5 Nxc5 24.Qxc5 g5 25.fxg5 hxg5 26.Ra3 g4 27.a6 b6 28.Qc6 Qf8 
29.Rac3 Rae8 30.Qb5 Qh6 31.Qe2 Rg7 32.g3 Rf8 33.Rf1 Rff7 34.Qc2 Rf8 35.Rf4
Re7 36.Rc6 Kg7 37.b4 Rff7 38.Qc1 Kg6 39.Rc8 Rh7 40.Qc2 Kg7 41.Rb8 Rh8 42.
Rb7 Qg5 43.Qc6 Kf7 44.b5 Re8 45.Qc1 Kg6 46.h4 gxh3 47.Kh2 Kf7 48.Kxh3 Rh8+
49.Kg2 Qh6 50.Rxe7+ Kxe7 51.Qc7+ Kf8 52.Qd8+ Kf7 53.Qd7+ Kf8 54.Qd8+ Kf7 
55.Qd7+ 1/2-1/2